Prakrit sahitya chayan (Record no. 3597)
[ view plain ]
| 000 -LEADER | |
|---|---|
| fixed length control field | 00446cam a2200181ua 4500 |
| 008 - FIXED-LENGTH DATA ELEMENTS--GENERAL INFORMATION | |
| fixed length control field | 111203n ii |||gr||||Z||||||asm |
| 040 ## - CATALOGING SOURCE | |
| Transcribing agency | MAIN |
| 082 ## - DEWEY DECIMAL CLASSIFICATION NUMBER | |
| Classification number | 491.451 |
| 100 1# - MAIN ENTRY--PERSONAL NAME | |
| Personal name | Thakur, Nagen, |
| 245 11 - TITLE STATEMENT | |
| Title | Prakrit sahitya chayan |
| Statement of responsibility, etc. | by Nagen Thakur |
| 250 ## - EDITION STATEMENT | |
| Edition statement | 4th. |
| 260 ## - PUBLICATION, DISTRIBUTION, ETC. | |
| Place of publication, distribution, etc. | Guwahati: |
| Name of publisher, distributor, etc. | Jyoti Prakashan, |
| Date of publication, distribution, etc. | 2007. |
| 300 ## - PHYSICAL DESCRIPTION | |
| Extent | 280p: |
| Dimensions | 23cm. |
| 942 ## - ADDED ENTRY ELEMENTS (KOHA) | |
| Koha item type | Books |
| 653 ## - INDEX TERM--UNCONTROLLED | |
| Uncontrolled term | Assamese language |
| 653 ## - INDEX TERM--UNCONTROLLED | |
| Uncontrolled term | Prakrit sahitya chayan |
| Withdrawn status | Lost status | Damaged status | Not for loan | Home library | Current library | Shelving location | Date acquired | Total Checkouts | Full call number | Barcode | Date last seen | Date last checked out | Copy number | Price effective from | Koha item type | Source of classification or shelving scheme | Collection code | Cost, normal purchase price |
|---|---|---|---|---|---|---|---|---|---|---|---|---|---|---|---|---|---|---|
| Naharkatiya College Library | Naharkatiya College Library | General Stacks | 19/09/2020 | 3 | 491.451 | THA | 17510 | 17/03/2023 | 01/03/2023 | 1 | 19/09/2020 | Books | |||||||
| Naharkatiya College Library | Naharkatiya College Library | General Stacks | 26/05/2022 | 5 | 491.451 | 17961 | 28/03/2024 | 13/03/2024 | 2 | 26/05/2022 | Books | Dewey Decimal Classification | Assamese | 100.00 | ||||
| Naharkatiya College Library | Naharkatiya College Library | General Stacks | 26/05/2022 | 3 | 491.451 | 17959 | 07/02/2025 | 23/01/2025 | 3 | 26/05/2022 | Books | Dewey Decimal Classification | Assamese | 100.00 | ||||
| Naharkatiya College Library | Naharkatiya College Library | General Stacks | 26/05/2022 | 1 | 491.451 | 16438 | 24/05/2025 | 11/03/2023 | 4 | 26/05/2022 | Books | Dewey Decimal Classification | Assamese | 100.00 |
